Statystyki dla Geografia quiz #63 - Miasta w województwie wielkopolskim

Kliknij tutaj aby rozwiązać quiz!

Ogólne statystyki

  • Ten quiz został rozwiązany 20 razy
  • Średni wynik to 6 z 7

Statystyki odpowiedzi

MiastoLiczba ludności% Poprawnych
Poznań541 316
100%
Piła70 624
95%
Gniezno64 220
85%
Kalisz93 973
85%
Ostrów Wielkopolski69 755
85%
Konin68 112
80%
Leszno60 642
75%

Rozkład punktacji

Percentyl według liczby udzielonych odpowiedzi

Procent ludzi z każdym wynikiem

Twoja historia wyników

Nie rozwiązałeś tego quizu